Riconosci il calciatore dalla foto - Quiz n°17 - Statistics

Statistiche generali
  • Questo quiz è stato fatto 151 volte
  • Il punteggio medio è 6 su 10
Statistiche sulle risposte
con Immagini Risposta % Corretto
Heung-min Son
98%
Christian Eriksen
94%
David Luiz
88%
Giacomo Bonaventura
88%
Andrew Robertson
77%
Nemanja Vidić
70%
Mathieu Flamini
34%
Franco Brienza
31%
Rachid Ghezzal
28%
Szymon Żurkowski
12%
Nessun quiz corrispondente trovato
Distribuzione punteggi
Percentuale di utenti per punteggio
Percentile per numero di risposta
I tuoi punteggi nel tempo
Non hai fatto questo quiz